00522nam a22001575i 4500001000700000003000900007005001700016008004100033040002800074100002900102245004700131260007300178300002200251752002400273852006700297165238ES-MaACL20230906213107.0960320s1887 sp |||| | spa d aCARM bspa cCCPB | SIC1 aSerrano Alcazar, Rafael.10aPolitica y literatura / cSerrano Alcazar. aMadrid : b[s.n.], c1887 (fEstab. tip. "Sucesores de Rivadeneyra") a243 p. ; c18 cm. aEspaña - dMadrid aES-MaACLjG-13520 z-- Enc. hol., conservando la cub. original